| 000 | 00609nam a22001937a 4500 | ||
|---|---|---|---|
| 005 | 20160624162723.0 | ||
| 010 | _aENG-115333 | ||
| 020 |
_a9788125060130 _c622.00 |
||
| 035 | _aEN-98865 | ||
| 037 | _bDBAD/PUB | ||
| 082 | _a320.95475 | ||
| 100 | _aShah,A.M. | ||
| 245 |
_aSociology and history : _bdiglogues towards intergration / _cby A.M.Shah |
||
| 260 |
_aNew Delhi _bOrient BlackSwan _c2016 |
||
| 270 |
_a1/24,Asaf Ali Road _bNew Delhi _e110002 |
||
| 300 |
_axii,254p. _c22cm(Hb) |
||
| 500 | _aIncludes references, author index and Subject index | ||
| 942 |
_2ddc _cEN _mSHA _h320.95475 |
||
| 999 |
_c100616 _d100616 |
||